Conjugaison Française
Ce livre propose à un large public un outil de conjugaison structuré, clair et actuel. Les règles de la grammaire du verbe, formes, emplois et accord, sont exposées dans la première partie. 100 tableaux présentant des modèles de conjugaison font l'objet de la seconde partie. La liste des...
Đã lưu trong:
| Príomhúdar: | |
|---|---|
| Formáid: | Leabhar |
| Teanga: | Undetermined |
| Foilsithe: |
[Paris]
Nathan
2005
|
| Ábhair: | |
| Clibeanna: |
Cuir Clib Leis
Gan Chlibeanna, Bí ar an gcéad duine leis an taifead seo a chlibeáil!
|
| Thư viện lưu trữ: | Trung tâm Học liệu Trường Đại học Cần Thơ |
|---|
| LEADER | 01173nam a2200217Ia 4500 | ||
|---|---|---|---|
| 001 | CTU_134172 | ||
| 008 | 210402s9999 xx 000 0 und d | ||
| 020 | |c 103000 | ||
| 082 | |a 445 | ||
| 082 | |b W853 | ||
| 100 | |a Wolf, Édith | ||
| 245 | 0 | |a Conjugaison Française | |
| 245 | 0 | |c Édith Wolf | |
| 260 | |a [Paris] | ||
| 260 | |b Nathan | ||
| 260 | |c 2005 | ||
| 520 | |a Ce livre propose à un large public un outil de conjugaison structuré, clair et actuel. Les règles de la grammaire du verbe, formes, emplois et accord, sont exposées dans la première partie. 100 tableaux présentant des modèles de conjugaison font l'objet de la seconde partie. La liste des verbes qui constitue la troisième partie permet au lectue de savoir à quel modèle se réferer: on trouvera les verbes actuellement employés à l'ecrit et à l'oral, sans exclure ni un niveau soutenu ni un emploi littéraire de la langue. | ||
| 650 | |a French language,French language,Ngôn ngữ Pháp,Ngôn ngữ Pháp | ||
| 650 | |x Conjugation,Grammair,Chia động từ,Ngữ pháp | ||
| 904 | |i Giang | ||
| 980 | |a Trung tâm Học liệu Trường Đại học Cần Thơ | ||